Statistics for A-Letter Geography A-Z

Click here to take the quiz!

General Stats

  • This quiz has been taken 47 times
  • The average score is 18 of 26

Answer Stats

ClueAnswer% Correct
First country alphabeticallyAfghanistan
100%
Capital of South AustraliaAdelaide
98%
World's largest river by volumeAmazon
98%
Principality in the PyreneesAndorra
95%
Country named after the Latin word for "silver"Argentina
95%
Central European countryAustria
95%
Largest U.S. state by areaAlaska
93%
A book of maps, or a mountain range in MoroccoAtlas
93%
Country on the Caspian coastAzerbaijan
93%
Sea home to many Greek islandsAegean
91%
Capital of the previous answer's northern neighborAsunción
88%
Samoa's capital and only cityApia
84%
Coastal metropolises of West AfricaAccra
79%
Name of several different rivers in EnglandAvon
79%
Corsica's primary cityAjaccio
77%
City located where Belgium, Germany, and the Netherlands all meetAachen
72%
Coastal metropolises of West AfricaAbidjan
67%
Major urban center of Gujarat, IndiaAhmedabad
65%
Ohio city on the Cuyahoga RiverAkron
56%
Mexican city whose name literally means "hot waters"Aguascalientes
47%
Jordan's only coastal cityAqaba
40%
Māori name for Mount CookAoraki
33%
Language of Bolivia and PeruAymara
30%
Indigenous people group of Hokkaido, Sakhalin, and the Kuril IslandsAinu
28%
Ethiopian city listed as a UNESCO World Heritage SiteAxum
21%
Historic and cultural subregion of Uttar Pradesh, IndiaAwadh
7%

Score Distribution

Percentile by Number Answered

Percent of People with Each Score

Your Score History

You have not taken this quiz